<?xml version="1.0" encoding="UTF-8"?>
<collection xmlns="http://www.loc.gov/MARC21/slim">
    <record>
        <controlfield tag="001">98119</controlfield>
        <controlfield tag="005">20210118122904.0</controlfield>
        <datafield tag="037" ind1=" " ind2=" ">
            <subfield code="a">TAZ-TFG-2020-2135</subfield>
        </datafield>
        <datafield tag="041" ind1=" " ind2=" ">
            <subfield code="a">spa</subfield>
        </datafield>
        <datafield tag="100" ind1="1" ind2=" ">
            <subfield code="a">Torre Bordes, Ana</subfield>
        </datafield>
        <datafield tag="242" ind1="0" ind2="0">
            <subfield code="a">Evaluation of peripheral refraction with different contact lenses for the progression of myopia</subfield>
        </datafield>
        <datafield tag="245" ind1="0" ind2="0">
            <subfield code="a">Evaluación de la refracción periférica con distintas lentes de contacto para la progresión de la miopía</subfield>
        </datafield>
        <datafield tag="260" ind1=" " ind2=" ">
            <subfield code="a">Zaragoza</subfield>
            <subfield code="b">Universidad de Zaragoza</subfield>
            <subfield code="c">2020</subfield>
        </datafield>
        <datafield tag="506" ind1=" " ind2=" ">
            <subfield code="a">by-nc-sa</subfield>
            <subfield code="b">Creative Commons</subfield>
            <subfield code="c">3.0</subfield>
            <subfield code="u">http://creativecommons.org/licenses/by-nc-sa/3.0/</subfield>
        </datafield>
        <datafield tag="520" ind1=" " ind2=" ">
            <subfield code="a">Actualmente, la miopía es un defecto refractivo que afecta a un gran número de población a nivel mundial, siendo los países asiáticos los más afectados. Además, no sólo aumenta el número de población miope, si no la severidad de la misma. Es por ello que esta patología ocular se está convirtiendo en un problema de salud pública ya que asocia enfermedades oculares de mayor gravedad, creando un importante impacto socioeconómico. El desarrollo de este error refractivo se asocia al desenfoque periférico hipermetrópico generado en la retina, produciéndose un incremento en la longitud axial del globo ocular. El objetivo primordial de este trabajo es evaluar una lente de contacto (LC) con un diseño óptico de profundidad de foco extendido (EDOF), para ralentizar el progreso de la miopía. Durante este proyecto, se valoró sin y con LC la variación de la refracción periférica, la calidad visual objetiva del paciente, así como la halometría en condiciones escotópicas. En un principio, la muestra inicial fue de 70 ojos, pero debido a la pandemia del COVID-19 sólo pudo realizarse a un total de 10 ojos. Los resultados muestran como esta lente con un diseño innovador produce incluso una mayor hipermetropización en la retina periférica, a diferencia de la mayoría de LCs como puede ser el diseño Dual-focus que producen un desenfoque miópico. Esto es debido a que esta lente optimiza las aberraciones del ojo, y degrada la calidad de imagen por detrás de la retina para no ser detectada, inhibiendo así el crecimiento axial. Por último, esta lente proporciona buenos resultados en la calidad visual, a pesar de que disminuye ligeramente la agudeza visual (AV) no afecta de manera significativa.&lt;br />&lt;br /></subfield>
        </datafield>
        <datafield tag="521" ind1=" " ind2=" ">
            <subfield code="a">Graduado en Óptica y Optometría</subfield>
        </datafield>
        <datafield tag="540" ind1=" " ind2=" ">
            <subfield code="a">Derechos regulados por licencia Creative Commons</subfield>
        </datafield>
        <datafield tag="700" ind1=" " ind2=" ">
            <subfield code="a">Remón Martín, Laura</subfield>
            <subfield code="e">dir.</subfield>
        </datafield>
        <datafield tag="700" ind1=" " ind2=" ">
            <subfield code="a">Marcellán Vidosa, Mª Concepción</subfield>
            <subfield code="e">dir.</subfield>
        </datafield>
        <datafield tag="710" ind1="2" ind2=" ">
            <subfield code="a">Universidad de Zaragoza</subfield>
            <subfield code="b"> </subfield>
            <subfield code="c"></subfield>
        </datafield>
        <datafield tag="856" ind1="0" ind2=" ">
            <subfield code="f">736716@unizar.es</subfield>
        </datafield>
        <datafield tag="856" ind1="4" ind2=" ">
            <subfield code="s">1377045</subfield>
            <subfield code="u">http://zaguan.unizar.es/record/98119/files/TAZ-TFG-2020-2135.pdf</subfield>
            <subfield code="y">Memoria (spa)</subfield>
        </datafield>
        <datafield tag="909" ind1="C" ind2="O">
            <subfield code="o">oai:zaguan.unizar.es:98119</subfield>
            <subfield code="p">driver</subfield>
            <subfield code="p">trabajos-fin-grado</subfield>
        </datafield>
        <datafield tag="950" ind1=" " ind2=" ">
            <subfield code="a"></subfield>
        </datafield>
        <datafield tag="951" ind1=" " ind2=" ">
            <subfield code="a">deposita:2021-01-18</subfield>
        </datafield>
        <datafield tag="980" ind1=" " ind2=" ">
            <subfield code="a">TAZ</subfield>
            <subfield code="b">TFG</subfield>
            <subfield code="c">CIEN</subfield>
        </datafield>
        <datafield tag="999" ind1=" " ind2=" ">
            <subfield code="a">20200626003541.CREATION_DATE</subfield>
        </datafield>
    </record>

    
</collection>